000 00852nam a2200193Ii 4500
003 JO-AjNU
008 230605s9999||||xx |||||||||||||| ||und||
040 _aJO-AjNU
_bara
_erda
_cJO-AjNU
041 _aara
050 1 4 _aGF682.M5.S376 2011
100 3 _aإعداد السرياني، محمد محمود,
_eauthor
_957013
245 0 0 _aالنمو الحضري والتطور العمراني للمدينة المنورة
264 3 1 _aاربد: جامعة اليرموك، 2003
300 _a52ص
_bيتضمن خرائط وصور للمدينة المنورة ص 38-49
336 _atext
_btxt
_2rdacontent
337 _aunmediated
_bn
_2rdamedia
338 _avolume
_bnc
_2rdacarrier
650 4 _aعلم الاجتماع الحضري- المجتمعات الحضرية- السعودية- المدينة المنورة- تاريخ- سكان
_957014
999 _aA25524
_c29092
_d29092